<?xml version="1.0" encoding="UTF-8"?>
<record
    xmlns:xsi="http://www.w3.org/2001/XMLSchema-instance"
    xsi:schemaLocation="http://www.loc.gov/MARC21/slim http://www.loc.gov/standards/marcxml/schema/MARC21slim.xsd"
    xmlns="http://www.loc.gov/MARC21/slim">

  <leader>00922nam a2200253   4500</leader>
  <controlfield tag="005">20150612114250.0</controlfield>
  <datafield tag="010" ind1=" " ind2=" ">
    <subfield code="a">BAC-EN21       ENG-111613</subfield>
  </datafield>
  <datafield tag="020" ind1=" " ind2=" ">
    <subfield code="a">9788131314036</subfield>
    <subfield code="c">295.00</subfield>
  </datafield>
  <datafield tag="035" ind1=" " ind2=" ">
    <subfield code="a">EN-95145</subfield>
  </datafield>
  <datafield tag="035" ind1=" " ind2=" ">
    <subfield code="a">B-578609-635</subfield>
  </datafield>
  <datafield tag="037" ind1=" " ind2=" ">
    <subfield code="b">Prabhat Prakashan/Ven</subfield>
    <subfield code="a">dpl</subfield>
  </datafield>
  <datafield tag="037" ind1=" " ind2=" ">
    <subfield code="b">DBAD/PUB</subfield>
  </datafield>
  <datafield tag="082" ind1=" " ind2=" ">
    <subfield code="a">909.820922</subfield>
  </datafield>
  <datafield tag="100" ind1=" " ind2=" ">
    <subfield code="a">Srivastava, Kamal S.</subfield>
  </datafield>
  <datafield tag="245" ind1=" " ind2=" ">
    <subfield code="a">(101) One hundred one great leaders of the world /</subfield>
    <subfield code="c">by Kamal S.Srivastava [and] Sangeeta Srivastava</subfield>
  </datafield>
  <datafield tag="246" ind1=" " ind2=" ">
    <subfield code="a">One hundred one great leaders of the world</subfield>
  </datafield>
  <datafield tag="260" ind1=" " ind2=" ">
    <subfield code="a">New Delhi</subfield>
    <subfield code="b">APH Publishing </subfield>
    <subfield code="c">2014</subfield>
  </datafield>
  <datafield tag="270" ind1=" " ind2=" ">
    <subfield code="a">4435-36/7,Ansari Road,Darya Ganj</subfield>
    <subfield code="b">New Delhi</subfield>
    <subfield code="e">110002</subfield>
  </datafield>
  <datafield tag="300" ind1=" " ind2=" ">
    <subfield code="a">x,339p. </subfield>
    <subfield code="c">22cm(pbk)</subfield>
  </datafield>
  <datafield tag="500" ind1=" " ind2=" ">
    <subfield code="a">Includes index</subfield>
  </datafield>
  <datafield tag="700" ind1=" " ind2=" ">
    <subfield code="a">Srivastava,Sangeeta</subfield>
  </datafield>
  <datafield tag="942" ind1=" " ind2=" ">
    <subfield code="2">ddc</subfield>
    <subfield code="c">EN</subfield>
    <subfield code="m">SRI</subfield>
    <subfield code="h">909.820922</subfield>
  </datafield>
  <datafield tag="999" ind1=" " ind2=" ">
    <subfield code="c">89675</subfield>
    <subfield code="d">89675</subfield>
  </datafield>
  <datafield tag="952" ind1=" " ind2=" ">
    <subfield code="0">0</subfield>
    <subfield code="1">0</subfield>
    <subfield code="4">0</subfield>
    <subfield code="7">1</subfield>
    <subfield code="8">NFIC</subfield>
    <subfield code="a">DBAD</subfield>
    <subfield code="b">DBAD</subfield>
    <subfield code="d">2015-01-15</subfield>
    <subfield code="e">DBAD / PUB</subfield>
    <subfield code="g">295.00</subfield>
    <subfield code="l">0</subfield>
    <subfield code="o">909.820922 SRI</subfield>
    <subfield code="p">EN-95145</subfield>
    <subfield code="r">2015-01-15 00:00:00</subfield>
    <subfield code="t">1</subfield>
    <subfield code="v">295.00</subfield>
    <subfield code="y">EN</subfield>
  </datafield>
  <datafield tag="952" ind1=" " ind2=" ">
    <subfield code="0">0</subfield>
    <subfield code="1">0</subfield>
    <subfield code="4">0</subfield>
    <subfield code="7">0</subfield>
    <subfield code="8">NFIC</subfield>
    <subfield code="a">L</subfield>
    <subfield code="b">L</subfield>
    <subfield code="d">2015-06-12</subfield>
    <subfield code="e">Prabhat/PP/L2530/09.12.2014/183/08.12.2014/18.12.2014</subfield>
    <subfield code="g">295.00</subfield>
    <subfield code="l">5</subfield>
    <subfield code="o">909.820922 SRI</subfield>
    <subfield code="p">B-578609</subfield>
    <subfield code="r">2019-08-22 00:00:00</subfield>
    <subfield code="s">2019-08-19</subfield>
    <subfield code="t">1</subfield>
    <subfield code="v">295.00</subfield>
    <subfield code="y">EN</subfield>
  </datafield>
  <datafield tag="952" ind1=" " ind2=" ">
    <subfield code="0">0</subfield>
    <subfield code="1">0</subfield>
    <subfield code="4">0</subfield>
    <subfield code="7">0</subfield>
    <subfield code="8">NFIC</subfield>
    <subfield code="a">M</subfield>
    <subfield code="b">M</subfield>
    <subfield code="d">2015-06-12</subfield>
    <subfield code="e">Prabhat/PP/L2530/09.12.2014/183/08.12.2014/18.12.2014</subfield>
    <subfield code="g">295.00</subfield>
    <subfield code="l">0</subfield>
    <subfield code="o">909.820922 SRI</subfield>
    <subfield code="p">B-578610</subfield>
    <subfield code="r">2015-06-12 00:00:00</subfield>
    <subfield code="t">2</subfield>
    <subfield code="v">295.00</subfield>
    <subfield code="y">EN</subfield>
  </datafield>
  <datafield tag="952" ind1=" " ind2=" ">
    <subfield code="0">0</subfield>
    <subfield code="1">5</subfield>
    <subfield code="4">0</subfield>
    <subfield code="7">0</subfield>
    <subfield code="8">NFIC</subfield>
    <subfield code="a">M</subfield>
    <subfield code="b">M</subfield>
    <subfield code="d">2015-06-12</subfield>
    <subfield code="e">Prabhat/PP/L2530/09.12.2014/183/08.12.2014/18.12.2014</subfield>
    <subfield code="g">295.00</subfield>
    <subfield code="l">0</subfield>
    <subfield code="o">909.820922 SRI</subfield>
    <subfield code="p">B-578611</subfield>
    <subfield code="r">2015-06-12 00:00:00</subfield>
    <subfield code="t">2</subfield>
    <subfield code="v">295.00</subfield>
    <subfield code="y">EN</subfield>
  </datafield>
  <datafield tag="952" ind1=" " ind2=" ">
    <subfield code="0">0</subfield>
    <subfield code="1">5</subfield>
    <subfield code="4">0</subfield>
    <subfield code="7">0</subfield>
    <subfield code="8">NFIC</subfield>
    <subfield code="a">NPL</subfield>
    <subfield code="b">NPL</subfield>
    <subfield code="d">2015-06-12</subfield>
    <subfield code="e">Prabhat/PP/L2530/09.12.2014/183/08.12.2014/18.12.2014</subfield>
    <subfield code="g">295.00</subfield>
    <subfield code="l">0</subfield>
    <subfield code="o">909.820922 SRI</subfield>
    <subfield code="p">B-578612</subfield>
    <subfield code="r">2015-06-12 00:00:00</subfield>
    <subfield code="t">1</subfield>
    <subfield code="v">295.00</subfield>
    <subfield code="y">EN</subfield>
  </datafield>
  <datafield tag="952" ind1=" " ind2=" ">
    <subfield code="0">0</subfield>
    <subfield code="1">0</subfield>
    <subfield code="4">0</subfield>
    <subfield code="7">0</subfield>
    <subfield code="8">NFIC</subfield>
    <subfield code="a">BL1</subfield>
    <subfield code="b">BL1</subfield>
    <subfield code="d">2015-06-12</subfield>
    <subfield code="e">Prabhat/PP/L2530/09.12.2014/183/08.12.2014/18.12.2014</subfield>
    <subfield code="g">295.00</subfield>
    <subfield code="l">7</subfield>
    <subfield code="m">0</subfield>
    <subfield code="o">909.820922 SRI</subfield>
    <subfield code="p">B-578613</subfield>
    <subfield code="r">2020-09-22 00:00:00</subfield>
    <subfield code="s">2020-09-03</subfield>
    <subfield code="t">1</subfield>
    <subfield code="v">295.00</subfield>
    <subfield code="y">EN</subfield>
  </datafield>
  <datafield tag="952" ind1=" " ind2=" ">
    <subfield code="0">0</subfield>
    <subfield code="1">0</subfield>
    <subfield code="4">0</subfield>
    <subfield code="7">0</subfield>
    <subfield code="8">NFIC</subfield>
    <subfield code="a">KGM</subfield>
    <subfield code="b">KGM</subfield>
    <subfield code="d">2015-06-12</subfield>
    <subfield code="e">Prabhat/PP/L2530/09.12.2014/183/08.12.2014/18.12.2014</subfield>
    <subfield code="g">295.00</subfield>
    <subfield code="l">0</subfield>
    <subfield code="o">909.820922 SRI</subfield>
    <subfield code="p">B-578614</subfield>
    <subfield code="r">2015-06-12 00:00:00</subfield>
    <subfield code="t">1</subfield>
    <subfield code="v">295.00</subfield>
    <subfield code="y">EN</subfield>
  </datafield>
  <datafield tag="952" ind1=" " ind2=" ">
    <subfield code="0">0</subfield>
    <subfield code="1">0</subfield>
    <subfield code="4">0</subfield>
    <subfield code="7">0</subfield>
    <subfield code="8">NFIC</subfield>
    <subfield code="a">PR</subfield>
    <subfield code="b">PR</subfield>
    <subfield code="d">2015-06-12</subfield>
    <subfield code="e">Prabhat/PP/L2530/09.12.2014/183/08.12.2014/18.12.2014</subfield>
    <subfield code="g">295.00</subfield>
    <subfield code="l">0</subfield>
    <subfield code="o">909.820922 SRI</subfield>
    <subfield code="p">B-578615</subfield>
    <subfield code="r">2015-06-12 00:00:00</subfield>
    <subfield code="t">1</subfield>
    <subfield code="v">295.00</subfield>
    <subfield code="y">EN</subfield>
  </datafield>
  <datafield tag="952" ind1=" " ind2=" ">
    <subfield code="0">0</subfield>
    <subfield code="1">0</subfield>
    <subfield code="4">0</subfield>
    <subfield code="7">0</subfield>
    <subfield code="8">NFIC</subfield>
    <subfield code="a">TN</subfield>
    <subfield code="b">TN</subfield>
    <subfield code="d">2015-06-12</subfield>
    <subfield code="e">Prabhat/PP/L2530/09.12.2014/183/08.12.2014/18.12.2014</subfield>
    <subfield code="g">295.00</subfield>
    <subfield code="l">5</subfield>
    <subfield code="m">4</subfield>
    <subfield code="o">909.820922 SRI</subfield>
    <subfield code="p">B-578616</subfield>
    <subfield code="r">2022-08-29 00:00:00</subfield>
    <subfield code="s">2022-08-13</subfield>
    <subfield code="t">1</subfield>
    <subfield code="v">295.00</subfield>
    <subfield code="y">EN</subfield>
  </datafield>
  <datafield tag="952" ind1=" " ind2=" ">
    <subfield code="0">0</subfield>
    <subfield code="1">0</subfield>
    <subfield code="4">0</subfield>
    <subfield code="7">0</subfield>
    <subfield code="8">NFIC</subfield>
    <subfield code="a">CJ</subfield>
    <subfield code="b">CJ</subfield>
    <subfield code="d">2015-06-12</subfield>
    <subfield code="e">Prabhat/PP/L2530/09.12.2014/183/08.12.2014/18.12.2014</subfield>
    <subfield code="g">295.00</subfield>
    <subfield code="l">4</subfield>
    <subfield code="m">2</subfield>
    <subfield code="o">909.820922 SRI</subfield>
    <subfield code="p">B-578617</subfield>
    <subfield code="r">2025-03-03 00:00:00</subfield>
    <subfield code="s">2025-01-31</subfield>
    <subfield code="t">1</subfield>
    <subfield code="v">295.00</subfield>
    <subfield code="y">EN</subfield>
  </datafield>
  <datafield tag="952" ind1=" " ind2=" ">
    <subfield code="0">0</subfield>
    <subfield code="1">0</subfield>
    <subfield code="4">0</subfield>
    <subfield code="7">0</subfield>
    <subfield code="8">NFIC</subfield>
    <subfield code="a">DIZ</subfield>
    <subfield code="b">DIZ</subfield>
    <subfield code="d">2015-06-12</subfield>
    <subfield code="e">Prabhat/PP/L2530/09.12.2014/183/08.12.2014/18.12.2014</subfield>
    <subfield code="g">295.00</subfield>
    <subfield code="l">0</subfield>
    <subfield code="o">909.820922 SRI</subfield>
    <subfield code="p">B-578618</subfield>
    <subfield code="r">2015-06-12 00:00:00</subfield>
    <subfield code="t">1</subfield>
    <subfield code="v">295.00</subfield>
    <subfield code="y">EN</subfield>
  </datafield>
  <datafield tag="952" ind1=" " ind2=" ">
    <subfield code="0">0</subfield>
    <subfield code="1">0</subfield>
    <subfield code="4">0</subfield>
    <subfield code="7">0</subfield>
    <subfield code="8">NFIC</subfield>
    <subfield code="a">JP</subfield>
    <subfield code="b">JP</subfield>
    <subfield code="d">2015-06-12</subfield>
    <subfield code="e">Prabhat/PP/L2530/09.12.2014/183/08.12.2014/18.12.2014</subfield>
    <subfield code="g">295.00</subfield>
    <subfield code="l">21</subfield>
    <subfield code="m">3</subfield>
    <subfield code="o">909.820922 SRI</subfield>
    <subfield code="p">B-578619</subfield>
    <subfield code="r">2026-04-23 10:52:21</subfield>
    <subfield code="s">2026-04-22</subfield>
    <subfield code="t">1</subfield>
    <subfield code="v">295.00</subfield>
    <subfield code="y">EN</subfield>
  </datafield>
  <datafield tag="952" ind1=" " ind2=" ">
    <subfield code="0">0</subfield>
    <subfield code="1">0</subfield>
    <subfield code="4">0</subfield>
    <subfield code="7">0</subfield>
    <subfield code="8">NFIC</subfield>
    <subfield code="a">ZLS</subfield>
    <subfield code="b">ZLS</subfield>
    <subfield code="d">2015-06-12</subfield>
    <subfield code="e">Prabhat/PP/L2530/09.12.2014/183/08.12.2014/18.12.2014</subfield>
    <subfield code="g">295.00</subfield>
    <subfield code="l">6</subfield>
    <subfield code="m">2</subfield>
    <subfield code="o">909.820922 SRI</subfield>
    <subfield code="p">B-578620</subfield>
    <subfield code="r">2022-06-06 00:00:00</subfield>
    <subfield code="s">2022-05-18</subfield>
    <subfield code="t">1</subfield>
    <subfield code="v">295.00</subfield>
    <subfield code="y">EN</subfield>
  </datafield>
  <datafield tag="952" ind1=" " ind2=" ">
    <subfield code="0">0</subfield>
    <subfield code="1">0</subfield>
    <subfield code="4">0</subfield>
    <subfield code="7">0</subfield>
    <subfield code="8">NFIC</subfield>
    <subfield code="a">BN</subfield>
    <subfield code="b">BN</subfield>
    <subfield code="d">2015-06-12</subfield>
    <subfield code="e">Prabhat/PP/L2530/09.12.2014/183/08.12.2014/18.12.2014</subfield>
    <subfield code="g">295.00</subfield>
    <subfield code="l">4</subfield>
    <subfield code="o">909.820922 SRI</subfield>
    <subfield code="p">B-578621</subfield>
    <subfield code="r">2021-09-02 00:00:00</subfield>
    <subfield code="s">2021-08-13</subfield>
    <subfield code="t">1</subfield>
    <subfield code="v">295.00</subfield>
    <subfield code="y">EN</subfield>
  </datafield>
  <datafield tag="952" ind1=" " ind2=" ">
    <subfield code="0">0</subfield>
    <subfield code="1">0</subfield>
    <subfield code="4">0</subfield>
    <subfield code="7">0</subfield>
    <subfield code="8">NFIC</subfield>
    <subfield code="a">NRR</subfield>
    <subfield code="b">NRR</subfield>
    <subfield code="d">2015-06-12</subfield>
    <subfield code="e">Prabhat/PP/L2530/09.12.2014/183/08.12.2014/18.12.2014</subfield>
    <subfield code="g">295.00</subfield>
    <subfield code="l">0</subfield>
    <subfield code="o">909.820922 SRI</subfield>
    <subfield code="p">B-578622</subfield>
    <subfield code="r">2015-06-12 00:00:00</subfield>
    <subfield code="t">1</subfield>
    <subfield code="v">295.00</subfield>
    <subfield code="y">EN</subfield>
  </datafield>
  <datafield tag="952" ind1=" " ind2=" ">
    <subfield code="0">0</subfield>
    <subfield code="1">0</subfield>
    <subfield code="4">0</subfield>
    <subfield code="7">0</subfield>
    <subfield code="8">NFIC</subfield>
    <subfield code="a">BKK</subfield>
    <subfield code="b">BKK</subfield>
    <subfield code="d">2015-06-12</subfield>
    <subfield code="e">Prabhat/PP/L2530/09.12.2014/183/08.12.2014/18.12.2014</subfield>
    <subfield code="g">295.00</subfield>
    <subfield code="l">2</subfield>
    <subfield code="m">2</subfield>
    <subfield code="o">909.820922 SRI</subfield>
    <subfield code="p">B-578623</subfield>
    <subfield code="r">2023-03-10 00:00:00</subfield>
    <subfield code="s">2023-02-25</subfield>
    <subfield code="t">1</subfield>
    <subfield code="v">295.00</subfield>
    <subfield code="y">EN</subfield>
  </datafield>
  <datafield tag="952" ind1=" " ind2=" ">
    <subfield code="0">0</subfield>
    <subfield code="1">0</subfield>
    <subfield code="4">0</subfield>
    <subfield code="7">0</subfield>
    <subfield code="8">NFIC</subfield>
    <subfield code="a">NR</subfield>
    <subfield code="b">NR</subfield>
    <subfield code="d">2015-06-12</subfield>
    <subfield code="e">Prabhat/PP/L2530/09.12.2014/183/08.12.2014/18.12.2014</subfield>
    <subfield code="g">295.00</subfield>
    <subfield code="l">0</subfield>
    <subfield code="o">909.820922 SRI</subfield>
    <subfield code="p">B-578624</subfield>
    <subfield code="r">2015-06-12 00:00:00</subfield>
    <subfield code="t">1</subfield>
    <subfield code="v">295.00</subfield>
    <subfield code="y">EN</subfield>
  </datafield>
  <datafield tag="952" ind1=" " ind2=" ">
    <subfield code="0">0</subfield>
    <subfield code="1">0</subfield>
    <subfield code="4">0</subfield>
    <subfield code="7">0</subfield>
    <subfield code="8">NFIC</subfield>
    <subfield code="a">BN</subfield>
    <subfield code="b">BN</subfield>
    <subfield code="d">2015-06-12</subfield>
    <subfield code="e">Prabhat/PP/L2530/09.12.2014/183/08.12.2014/18.12.2014</subfield>
    <subfield code="g">295.00</subfield>
    <subfield code="l">1</subfield>
    <subfield code="o">909.820922 SRI</subfield>
    <subfield code="p">B-578625</subfield>
    <subfield code="r">2026-06-19 15:21:20</subfield>
    <subfield code="s">2026-05-02</subfield>
    <subfield code="t">1</subfield>
    <subfield code="v">295.00</subfield>
    <subfield code="y">EN</subfield>
  </datafield>
  <datafield tag="952" ind1=" " ind2=" ">
    <subfield code="0">0</subfield>
    <subfield code="1">0</subfield>
    <subfield code="4">0</subfield>
    <subfield code="7">0</subfield>
    <subfield code="8">NFIC</subfield>
    <subfield code="a">KV</subfield>
    <subfield code="b">KV</subfield>
    <subfield code="d">2015-06-12</subfield>
    <subfield code="e">Prabhat/PP/L2530/09.12.2014/183/08.12.2014/18.12.2014</subfield>
    <subfield code="g">295.00</subfield>
    <subfield code="l">0</subfield>
    <subfield code="o">909.820922 SRI</subfield>
    <subfield code="p">B-578626</subfield>
    <subfield code="r">2015-06-12 00:00:00</subfield>
    <subfield code="t">1</subfield>
    <subfield code="v">295.00</subfield>
    <subfield code="y">EN</subfield>
  </datafield>
  <datafield tag="952" ind1=" " ind2=" ">
    <subfield code="0">0</subfield>
    <subfield code="1">0</subfield>
    <subfield code="4">0</subfield>
    <subfield code="7">0</subfield>
    <subfield code="8">NFIC</subfield>
    <subfield code="a">MV</subfield>
    <subfield code="b">MV</subfield>
    <subfield code="d">2015-06-12</subfield>
    <subfield code="e">Prabhat/PP/L2530/09.12.2014/183/08.12.2014/18.12.2014</subfield>
    <subfield code="g">295.00</subfield>
    <subfield code="l">0</subfield>
    <subfield code="o">909.820922 SRI</subfield>
    <subfield code="p">B-578627</subfield>
    <subfield code="r">2015-06-12 00:00:00</subfield>
    <subfield code="t">1</subfield>
    <subfield code="v">295.00</subfield>
    <subfield code="y">EN</subfield>
  </datafield>
  <datafield tag="952" ind1=" " ind2=" ">
    <subfield code="0">0</subfield>
    <subfield code="1">0</subfield>
    <subfield code="4">0</subfield>
    <subfield code="7">0</subfield>
    <subfield code="8">NFIC</subfield>
    <subfield code="a">MP</subfield>
    <subfield code="b">MP</subfield>
    <subfield code="d">2015-06-12</subfield>
    <subfield code="e">Prabhat/PP/L2530/09.12.2014/183/08.12.2014/18.12.2014</subfield>
    <subfield code="g">295.00</subfield>
    <subfield code="l">0</subfield>
    <subfield code="o">909.820922 SRI</subfield>
    <subfield code="p">B-578628</subfield>
    <subfield code="r">2015-06-12 00:00:00</subfield>
    <subfield code="t">1</subfield>
    <subfield code="v">295.00</subfield>
    <subfield code="y">EN</subfield>
  </datafield>
  <datafield tag="952" ind1=" " ind2=" ">
    <subfield code="0">0</subfield>
    <subfield code="1">0</subfield>
    <subfield code="4">0</subfield>
    <subfield code="7">0</subfield>
    <subfield code="8">NFIC</subfield>
    <subfield code="a">BL4</subfield>
    <subfield code="b">BL4</subfield>
    <subfield code="d">2015-06-12</subfield>
    <subfield code="e">Prabhat/PP/L2530/09.12.2014/183/08.12.2014/18.12.2014</subfield>
    <subfield code="g">295.00</subfield>
    <subfield code="l">0</subfield>
    <subfield code="o">909.820922 SRI</subfield>
    <subfield code="p">B-578629</subfield>
    <subfield code="r">2015-06-12 00:00:00</subfield>
    <subfield code="t">1</subfield>
    <subfield code="v">295.00</subfield>
    <subfield code="y">EN</subfield>
  </datafield>
  <datafield tag="952" ind1=" " ind2=" ">
    <subfield code="0">0</subfield>
    <subfield code="1">0</subfield>
    <subfield code="4">0</subfield>
    <subfield code="7">0</subfield>
    <subfield code="8">NFIC</subfield>
    <subfield code="a">YV</subfield>
    <subfield code="b">YV</subfield>
    <subfield code="d">2015-06-12</subfield>
    <subfield code="e">Prabhat/PP/L2530/09.12.2014/183/08.12.2014/18.12.2014</subfield>
    <subfield code="g">295.00</subfield>
    <subfield code="l">0</subfield>
    <subfield code="o">909.820922 SRI</subfield>
    <subfield code="p">B-578630</subfield>
    <subfield code="r">2015-06-12 00:00:00</subfield>
    <subfield code="t">1</subfield>
    <subfield code="v">295.00</subfield>
    <subfield code="y">EN</subfield>
  </datafield>
  <datafield tag="952" ind1=" " ind2=" ">
    <subfield code="0">0</subfield>
    <subfield code="1">0</subfield>
    <subfield code="4">0</subfield>
    <subfield code="7">0</subfield>
    <subfield code="8">NFIC</subfield>
    <subfield code="a">JE</subfield>
    <subfield code="b">JE</subfield>
    <subfield code="d">2015-06-12</subfield>
    <subfield code="e">Prabhat/PP/L2530/09.12.2014/183/08.12.2014/18.12.2014</subfield>
    <subfield code="g">295.00</subfield>
    <subfield code="l">0</subfield>
    <subfield code="o">909.820922 SRI</subfield>
    <subfield code="p">B-578631</subfield>
    <subfield code="r">2015-06-12 00:00:00</subfield>
    <subfield code="t">1</subfield>
    <subfield code="v">295.00</subfield>
    <subfield code="y">EN</subfield>
  </datafield>
  <datafield tag="952" ind1=" " ind2=" ">
    <subfield code="0">0</subfield>
    <subfield code="1">0</subfield>
    <subfield code="4">0</subfield>
    <subfield code="7">0</subfield>
    <subfield code="8">NFIC</subfield>
    <subfield code="a">RC3</subfield>
    <subfield code="b">RC3</subfield>
    <subfield code="d">2015-06-12</subfield>
    <subfield code="e">Prabhat/PP/L2530/09.12.2014/183/08.12.2014/18.12.2014</subfield>
    <subfield code="g">295.00</subfield>
    <subfield code="l">0</subfield>
    <subfield code="o">909.820922 SRI</subfield>
    <subfield code="p">B-578632</subfield>
    <subfield code="r">2015-06-12 00:00:00</subfield>
    <subfield code="t">4</subfield>
    <subfield code="v">295.00</subfield>
    <subfield code="y">EN</subfield>
  </datafield>
  <datafield tag="952" ind1=" " ind2=" ">
    <subfield code="0">0</subfield>
    <subfield code="1">0</subfield>
    <subfield code="4">0</subfield>
    <subfield code="7">0</subfield>
    <subfield code="8">NFIC</subfield>
    <subfield code="a">RC3</subfield>
    <subfield code="b">RC3</subfield>
    <subfield code="d">2015-06-12</subfield>
    <subfield code="e">Prabhat/PP/L2530/09.12.2014/183/08.12.2014/18.12.2014</subfield>
    <subfield code="g">295.00</subfield>
    <subfield code="l">0</subfield>
    <subfield code="o">909.820922 SRI</subfield>
    <subfield code="p">B-578633</subfield>
    <subfield code="r">2015-06-12 00:00:00</subfield>
    <subfield code="t">4</subfield>
    <subfield code="v">295.00</subfield>
    <subfield code="y">EN</subfield>
  </datafield>
  <datafield tag="952" ind1=" " ind2=" ">
    <subfield code="0">0</subfield>
    <subfield code="1">0</subfield>
    <subfield code="4">0</subfield>
    <subfield code="7">0</subfield>
    <subfield code="8">NFIC</subfield>
    <subfield code="a">RC3</subfield>
    <subfield code="b">RC3</subfield>
    <subfield code="d">2015-06-12</subfield>
    <subfield code="e">Prabhat/PP/L2530/09.12.2014/183/08.12.2014/18.12.2014</subfield>
    <subfield code="g">295.00</subfield>
    <subfield code="l">8</subfield>
    <subfield code="o">909.820922 SRI</subfield>
    <subfield code="p">B-578634</subfield>
    <subfield code="r">2023-12-22 00:00:00</subfield>
    <subfield code="s">2023-12-06</subfield>
    <subfield code="t">4</subfield>
    <subfield code="v">295.00</subfield>
    <subfield code="y">EN</subfield>
  </datafield>
  <datafield tag="952" ind1=" " ind2=" ">
    <subfield code="0">0</subfield>
    <subfield code="1">0</subfield>
    <subfield code="4">0</subfield>
    <subfield code="7">0</subfield>
    <subfield code="8">NFIC</subfield>
    <subfield code="a">RC3</subfield>
    <subfield code="b">RC3</subfield>
    <subfield code="d">2015-06-12</subfield>
    <subfield code="e">Prabhat/PP/L2530/09.12.2014/183/08.12.2014/18.12.2014</subfield>
    <subfield code="g">295.00</subfield>
    <subfield code="l">0</subfield>
    <subfield code="o">909.820922 SRI</subfield>
    <subfield code="p">B-578635</subfield>
    <subfield code="r">2015-06-12 00:00:00</subfield>
    <subfield code="t">4</subfield>
    <subfield code="v">295.00</subfield>
    <subfield code="y">EN</subfield>
  </datafield>
</record>
